Effektivnost' struktury promyšlennogo proizvodstva v uslovijach jego intensifikacii

Saved in:
Bibliographic Details
Main Author: Gusejnov, S.K
Format: Book
Language:Russian
Published: Baku Elm 1987
Edition:1. izd.
Tags: Add Tag
No Tags, Be the first to tag this record!

MARC

LEADER 00000nam a2200000 4500
001 c035614
005 20221219131256.5
041 0 |a rus 
044 |a AZ 
245 1 0 |a Effektivnost' struktury promyšlennogo proizvodstva v uslovijach jego intensifikacii  |c S.K. Gusejnov 
250 |a 1. izd. 
264 1 |a Baku  |b Elm  |c 1987 
300 |a 180 s. 
100 1 |a Gusejnov, S.K.